ធរណីវិទ្យាអនុវត្តន៍នៅតំបន់ក្តៅសើមនិងនៅកម្ពុជា Pedologie appliquee en regionstropicales et au cambodge (Record no. 9093)

000 -LEADER
fixed length control field 00472nam a22001217a 4500
040 ## - CATALOGING SOURCE
Transcribing agency HS
082 ## - DEWEY DECIMAL CLASSIFICATION NUMBER
Classification number 631
100 ## - MAIN ENTRY--AUTHOR NAME
Personal name ត្រាន ថាន់កាញ់
245 ## - TITLE STATEMENT
Title ធរណីវិទ្យាអនុវត្តន៍នៅតំបន់ក្តៅសើមនិងនៅកម្ពុជា Pedologie appliquee en regionstropicales et au cambodge
260 ## - PUBLICATION, DISTRIBUTION, ETC. (IMPRINT)
Place of publication Phnom Penh
Name of publisher ត្រាន ថាន់កាញ់
Year of publication 1992
300 ## - PHYSICAL DESCRIPTION
Number of Pages 65p;
942 ## - ADDED ENTRY ELEMENTS (KOHA)
Koha item type សៀវភៅភាសាខ្មែរ
952 ## - LOCATION AND ITEM INFORMATION (KOHA)
Withdrawn status [LOCAL, KOHA] 0
Holdings
Permanent Location Date acquired Koha item type Lost status Shelving location Barcode Current Location Full call number
Library Block C2016-10-13សៀវភៅភាសាខ្មែរ C255RUA046983Library Block C631 ត្រាន 1992 C255
មជ្ឈមណ្ឌលឯការនៃសាកលវិទ្យាល័យភូមិន្ទកសិកម្មចំការដូង

Powered by Koha